| 000 | 00458nam a2200157Ia 4500 | ||
|---|---|---|---|
| 008 | 210716s2013 xx 000 0 und d | ||
| 020 | _a9788120339736 | ||
| 041 | _aeng | ||
| 082 | _a331.8 SIVR | ||
| 100 | _aSivarethinamohan, R. | ||
| 245 |
_aIndustrial relations and labour welfare: text and cases. _bText and cases. |
||
| 250 | _a1 | ||
| 260 |
_aNew Delhi _bPHI Learning private limited. _c2013 |
||
| 300 | _axviii,462 | ||
| 650 | _aIndustrial Relations | ||
| 999 |
_c208253 _d208253 |
||